"Die vornehme Villa Ammende in Pernau/Pärnu"

Titel: "Die vornehme Villa Ammende in Pernau/Pärnu" / von Arne von Maydell
Verfasser:
In: Baltische Briefe, Band 78, Heft 5 (919) (2025), Seite 2-4
alle Artikel anzeigen
Veröffentlicht: 2025
Umfang: Illustrationen, 1 Karte
Format: Aufsatz
Sprache: Deutsch
Schlagworte:
Kein Bild verfügbar
X
alg: 54174468
001A    $03025:02-02-26 
001B    $01999:02-02-26 $t22:03:02.000 
001D    $03025:02-02-26 
001U    $0utf8 
001X    $00 
002@    $0Aou 
002C    $aText $btxt $2rdacontent 
002D    $aohne Hilfsmittel zu benutzen $bn $2rdamedia 
002E    $aBand $bnc $2rdacarrier 
003@    $0541744682 
007A    $0541744682 $aHEB 
010@    $ager 
010E    $erda 
011@    $a2025 
021A    $a"Die vornehme Villa Ammende in Pernau/Pärnu" $hvon Arne von Maydell 
028A    $BVerfasser $4aut $71353265943 $8Maydell, Arne$cvon [Tp3] $9525300228 
031A    $d78 $e5 (919) $h2-4 $j2025 
034M    $aIllustrationen, 1 Karte 
039B    $aEnthalten in $8--Abvc--. Baltische Briefe. - Großhansdorf : Verl. Balt. Briefe, 1948-. - ISSN 0005-4526 $x202500000780005998 $9047806486 
044K    $#Ammende, Hermann-Leopold $71206079754 $8Ammende, Hermann Leopold$Z1845-1934 [Tp1] $946084959X 
044K    $RParnu $#Pjarnu $#Pernau $#Pernov $#Pernow $#Pyarnu $#Pärnu Parnu $74045214-1 $8Pärnu [Tg1] $9085126861 
044K    $RKaufmännischer Beruf $RGeschäftsmann $RKauffrau $RDiplomkaufmann $RKaufmannseigenschaft $#Merchants $#Commerçants $#merchants $#Kaufleute $#Kaufmann $#Kaufleute/Händler $#Kaufleute $#Fernkaufmann $#Fernhandelskaufmann $#Großkaufmann $#Handelsmann $74128272-3 $8Kaufmann [Ts1] $9085444561 
044K    $#Germans Baltic States $#Allemands des Pays baltes $#Baltendeutsche $#Deutsche Baltikum $74011593-8 $8Deutschbalten [Ts1] $9085023647 
044K    $RLandhaus $RHaus $RVillenviertel $#Architecture, Domestic $#Suburban homes $#Villas $#Arquitectura doméstica $#Villen $74063532-6 $8Villa [Ts1] $9085178098 
044K    $RFin de siècle $#Art nouveau $#Art nouveau $#Art nouveau $#Arte modernista $#Art nouveau $#Stile floreale $#Stile liberty $#Liberty Kunststil $#Modernismo $74028939-4 $8Jugendstil [Ts1] $9085076406 
044K    $RBeherbergungsbetrieb $#Hotels $#Hôtels $#Alberghi $#Hoteles $#Hotel $#Hotelbetrieb $#Hotelunternehmen $74025922-5 $8Hotel [Ts1] $9085064750 
045F    $a910.947980904 $eDDC23BSB 
045F/01 $a910 
045F/03 $f0904 
045F/03 $f0905 
045F/03 $g4798 
045R    $aGeschichte 1905-2025 
045T    $a7,44 

lok: 54174468 78

exp: 54174468 78 1 #EPN
201B/01 $002-02-26 $t17:01:13.000 
201C/01 $002-02-26 
201U/01 $0utf8 
203@/01 $01333246579 
208@/01 $a02-02-26 $be 
209A/01 $a/ $f000 $x00 
209A/01 $ab*p $x01 
220C/01 $akoe 
247C/01 $82080>Marburg/Lahn, Herder-Institut, Forschungsbibliothek, Bibliographieportal $9336309341
LEADER 00000caa a2200000 c 4500
001 541744682
003 DE-603
005 20260202220302.0
007 tu
008 260202s2025 xx |||| | u00||u|ger c
035 |a (DE-599)HEB541744682 
040 |a DE-603  |b ger  |c DE-603  |d DE-603  |e rda 
041 |a ger 
082 0 4 |8 1\u  |a 910.947980904  |q DE-101  |2 23/BSB 
084 |a 7,44  |2 ssgn 
085 |8 1\u  |b 910 
085 |8 1\u  |z 1  |s 0904 
085 |8 1\u  |z 1  |s 0905 
085 |8 1\u  |z 2  |s 4798 
100 1 |a Maydell, Arne von  |e Verfasser  |4 aut  |0 (DE-603)525300228  |0 (DE-588)1353265943  |2 gnd 
245 0 0 |a "Die vornehme Villa Ammende in Pernau/Pärnu"  |c von Arne von Maydell 
264 0 |c 2025 
300 |b Illustrationen, 1 Karte 
336 |a Text  |b txt  |2 rdacontent 
337 |a ohne Hilfsmittel zu benutzen  |b n  |2 rdamedia 
338 |a Band  |b nc  |2 rdacarrier 
600 1 7 |a Ammende, Hermann Leopold  |d 1845-1934  |0 (DE-588)1206079754  |0 (DE-603)46084959X  |2 gnd 
648 7 |a Geschichte 1905-2025  |2 gnd 
650 7 |a Kaufmann  |0 (DE-588)4128272-3  |0 (DE-603)085444561  |2 gnd 
650 7 |a Deutschbalten  |0 (DE-588)4011593-8  |0 (DE-603)085023647  |2 gnd 
650 7 |a Villa  |0 (DE-588)4063532-6  |0 (DE-603)085178098  |2 gnd 
650 7 |a Jugendstil  |0 (DE-588)4028939-4  |0 (DE-603)085076406  |2 gnd 
650 7 |a Hotel  |0 (DE-588)4025922-5  |0 (DE-603)085064750  |2 gnd 
651 7 |a Pärnu  |0 (DE-588)4045214-1  |0 (DE-603)085126861  |2 gnd 
773 0 8 |i Enthalten in  |t Baltische Briefe  |d Großhansdorf : Verl. Balt. Briefe, 1948-  |x 0005-4526  |g Band 78, Heft 5 (919) (2025), Seite 2-4  |w (DE-603)047806486  |w (DE-600)536488-7 
924 0 |9 2080  |a (DE-603)1333246579  |b DE-2080  |c HES  |d d  |g /